The Bald Eagle / Brittany Cesky.
This book introduces readers to one of the United States earliest national symbols: the bald eagle. Readers learn about the history of the bald eagle as a national symbol and what it represents.
Record details
- ISBN: 1532160453
- ISBN: 9781532160455
- Physical Description: 24 pages : illustrations (chiefly color) ; 23 cm.
- Publisher: Minneapolis, Minnesota : Pop!, a divistion of ABDO, [2019]
Content descriptions
| General Note: | Includes index. "Cody Koala"--Back cover. |
Search for related items by subject
| Subject: | Bald eagle > United States. Animals > Symbolic aspects. Emblems, National. United States. |
Search for related items by series
Available copies
- 1 of 1 copy available at scottsboropl.
Holds
- 0 current holds with 1 total copy.
Show All Copies
| Location | Call Number / Copy Notes | Barcode | Shelving Location | Status | Due Date |
|---|---|---|---|---|---|
| scottsboropl | E 900.1 Sym | 32269001166555 | Juvenile - Easy NonFiction | Available | - |
| LDR | 01637cam a2200445Ii 4500 | ||
|---|---|---|---|
| 001 | 155458 | ||
| 003 | SBPL | ||
| 005 | 20210406140722.0 | ||
| 008 | 180308t20192019mnua 001 0 eng d | ||
| 010 | . | ‡a 2017963469 | |
| 020 | . | ‡a1532160453 ‡q(hardcover) | |
| 020 | . | ‡a9781532160455 ‡q(hardcover) | |
| 035 | . | ‡a(OCoLC)1050743387 | |
| 043 | . | ‡an-us--- | |
| 050 | 4. | ‡aCD5610 ‡b.C47 2018 | |
| 082 | 0 | 4. | ‡a929.90973 ‡223 |
| 100 | 1 | . | ‡aCesky, Brittany, ‡eauthor. |
| 245 | 1 | 4. | ‡aThe Bald Eagle / ‡cBrittany Cesky. |
| 264 | 1. | ‡aMinneapolis, Minnesota : ‡bPop!, a divistion of ABDO, ‡c[2019] | |
| 300 | . | ‡a24 pages : ‡billustrations (chiefly color) ; ‡c23 cm. | |
| 336 | . | ‡atext ‡btxt ‡2rdacontent | |
| 337 | . | ‡aunmediated ‡bn ‡2rdamedia | |
| 338 | . | ‡avolume ‡bnc ‡2rdacarrier | |
| 490 | 1 | . | ‡aUS Symbols |
| 500 | . | ‡aIncludes index. | |
| 500 | . | ‡a"Cody Koala"--Back cover. | |
| 520 | . | ‡aThis book introduces readers to one of the United States earliest national symbols: the bald eagle. Readers learn about the history of the bald eagle as a national symbol and what it represents. | |
| 650 | 0. | ‡aBald eagle ‡zUnited States. | |
| 650 | 0. | ‡aAnimals ‡xSymbolic aspects. | |
| 650 | 0. | ‡aEmblems, National. | |
| 651 | 4. | ‡aUnited States. | |
| 830 | 0. | ‡aUS symbols. | |
| 901 | . | ‡a155458 ‡b ‡c155458 ‡tbiblio | |